000 02696cam a2200337 a 4500
003 EG-GiCUC
005 20250223032624.0
008 201105s2020 ua o f m 000 0 ara d
040 _aEG-GiCUC
_bara
_cEG-GiCUC
041 0 _aara
049 _aايداع
097 _aماجستير
099 _aCai01.23.02.M.Sc.2020.سو.إ
100 0 _aسوزان سعيد سليمان
245 1 0 _aإسهامات المراكز الاستكشافية للعلوم فى التكوين العلمى لتلاميذ مرحلة التعليم قبل الجامعى بمصر :
_bدراسة تتبعية /
_cسوزان سعيد سليمان ؛ إشراف نادية يوسف جمال الدين : إبراهيم الدسوقى عوض الله
246 1 5 _aContribution of the exploratory centers of science to scientific formation for pre-university students in Egypt :
_bFollow-up study
260 _aالقاهرة :
_bسوزان سعيد سليمان :
_c2020
300 _a272 ص : (46) ملاحق :
_bصور ؛
_c25سم
502 _aاطروحة (ماجستير) - جامعة القاهرة - كلية الدراسات العليا للتربية - قسم أصول التربية
520 _aيهدف هذاالبحث إلى تعرف مديإسهام المراكز الاستكشافية للعلوم فى التكوين العلمى لتلاميذ مرحلة التعليم قبل الجامعى بمصر؛ و كيف كان ذلك الإسهام؟ و اتبع البحث الطريقة النوعية فى إجرائه؛ و استخدم المنهج التاريخى و المنهج الاثنوجرافى؛ و استخدمت المقابلة المقننة و شبه المقننة كأداة للبحث؛ و شملت عينة البحث (10) أفراد ممن كانوا يترددون على المراكز الاستكشافية للعلوم أثناء فترة دراستهم فى مرحلة التعليم قبل الجامعى بالإضافة إلى (3) من أولياء أمورهم: و (2) من المشرفين العلميين؛ و أجريت المقابلات فردية و تم جمع البيانات و معالجاتها: و استخلصت النتائج
530 _aصدر ايضا كقرص مدمج
653 4 _aإسهامات المراكز الاستكشافية للعلوم
653 4 _aالتكوين العلمى
653 4 _aتلاميذ التعليم قبل الجامعى
700 0 _aإبراهيم الدسوقى عوض الله :
_eمشرف
700 0 _aنادية يوسف جمال الدين :
_eمشرف
856 _uhttp://172.23.153.220/th.pdf
905 _aNazla
_eRevisor
905 _aSamia
_eCataloger
942 _2ddc
_cTH
999 _c78579
_d78579